Laporan tahunan 2007 =
| Corporate Author: | |
|---|---|
| Format: | Book |
| Published: |
Kuala Lumpur:
MATRADE,
2008.
|
| Subjects: |
| LEADER | 00537cam a2200157 7i4500 | ||
|---|---|---|---|
| 001 | 0000022331 | ||
| 005 | 20090206090000.0 | ||
| 090 | 0 | 0 | |a MAT 380.1 |b MAL |
| 110 | 2 | 0 | |a Malaysia External Trade Development Corporation (MATRADE) |
| 245 | 2 | 0 | |a Laporan tahunan 2007 = |l Annual report 2007 MATRADE. |
| 260 | 0 | 0 | |a Kuala Lumpur: |b MATRADE, |c 2008. |
| 300 | # | # | |a 148 p. |
| 650 | 0 | 0 | |a Trade -- |x Annual report -- |z Malaysia |
| 650 | 0 | 0 | |a MATRADE -- |x Annual report -- |z Malaysia |
| 651 | 0 | 0 | |a Malaysia |
| 999 | |a 0000023785 |b Book |c Malaysia |e Business Information Centre | ||